Nauka o spojích pro 1. a 2. ročník O[db.] u[čiliště] s[pojů] : učeb. obor: spojový manipulant - 1451 /

Hlavní autor: Ledvinka, Karel, -1962
Korporativní autor: Ústřední správa spojů
Jazyk: Čeština
Vydáno: Praha : Nakladatelství dopravy a spojů, 1963
Vydání: 3., opr. a dopl. vyd.
Fyzický popis: 73, [1] s.
Knihy
Uloženo v:
LEADER 00836nam a22002292a 4500
001 000746881
003 CZ BrMZK
005 20041102082029.0
007 ta
008 041102s1963 xr er|||||||||||cze d
015 |a cnb000441848 
035 |a (OCoLC)85204023 
040 |a BOA001  |b cze 
100 1 |a Ledvinka, Karel,  |d -1962  |7 jk01071774  |4 aut 
245 1 0 |a Nauka o spojích pro 1. a 2. ročník O[db.] u[čiliště] s[pojů] :  |b učeb. obor: spojový manipulant - 1451 /  |c [Autor:] Karel Ledvinka a ... [et al.] 
250 |a 3., opr. a dopl. vyd. 
260 |a Praha :  |b Nakladatelství dopravy a spojů,  |c 1963 
300 |a 73, [1] s. 
710 2 |a Ústřední správa spojů  |7 kn20050421012 
910 |a BOA001  |b PK-N-0007.482 
990 |a BK 
996 6 |b BC-168708  |c PK-N-0007.482  |l MZK  |r Sklad / do 1 hodiny  |n 0  |w 000746881  |u 000010  |a 1  |e BOA001  |j MZK50  |s P